Diccionario literario de obras y personajes de todos los tiempos y todos los países / (Record no. 35383)
[ view plain ]
| 000 -LEADER | |
|---|---|
| campo de control de longitud fija | 01386nam a2200277 i 4500 |
| 001 - NÚMERO DE CONTROL | |
| campo de control | 35383 |
| 003 - IDENTIFICADOR DE NÚMERO DE CONTROL | |
| campo de control | ES-MaACL |
| 005 - FECHA Y HORA DE LA ÚLTIMA TRANSACCIÓN | |
| campo de control | 20250416222531.0 |
| 007 - CAMPO FIJO DE DESCRIPCIÓN FÍSICA--INFORMACIÓN GENERAL | |
| campo de control de longitud fija | t| |
| 008 - DATOS DE LONGITUD FIJA--INFORMACIÓN GENERAL | |
| campo de control de longitud fija | 030212s1987 sp ac d |||| |dspa d |
| 020 ## - NÚMERO INTERNACIONAL ESTÁNDAR DEL LIBRO | |
| Número Internacional Estándar del Libro | 84-85950-35-6 |
| 080 ## - NÚMERO DE LA CLASIFICACIÓN DECIMAL UNIVERSAL | |
| Número de la Clasificación Decimal Universal | 82.09(038) |
| 245 00 - MENCIÓN DEL TÍTULO | |
| Título | Diccionario literario de obras y personajes de todos los tiempos y todos los países / |
| Mención de responsabilidad, etc. | [dirección de la edición española, Martín de Riquer ; asesor técnico y revisor general, José Mª Valverde]. |
| 246 3# - FORMA VARIANTE DEL TITULO | |
| Título propio/Titulo breve | Bompiani |
| 260 ## - PUBLICACIÓN, DISTRIBUCIÓN, ETC. | |
| Lugar de publicación, distribución, etc. | Barcelona : |
| Nombre del editor, distribuidor, etc. | Hora, |
| Fecha de publicación, distribución, etc. | [1987] |
| 300 ## - DESCRIPCIÓN FÍSICA | |
| Extensión | 16 v. : |
| Otras características físicas | 276 lám., il. ; |
| Dimensiones | 23 cm. |
| 505 8# - NOTA DE CONTENIDO CON FORMATO | |
| Nota de contenido con formato | Contiene: I. Movimientos espirituales - II. Obras: A-Cao - III. Obras: Cap-DH - IV. Obras: Dia-Ez - V. Obras: F-Hiz - VI. Obras: Ho-Mcy - VII. Obras: Me-Paz - VIII. Obras: Pe-Q - IX. Obras: R-S - X. Obras: T-Z - XI. Personajes - XII. Índices - XIII. Apéndice de obras: A-LL - XIV. Apéndice de obras: M-Z - XV. Apéndice de obras 1977-1987 - XVI. Apéndice de obras 1987-1997 |
| 594 ## - Nota al título y mención de responsabilidad | |
| Nota al título y mención de responsabilidad | Precede al tít.: Bompiani. |
| 650 #4 - PUNTO DE ACCESO ADICIONAL DE MATERIA--TÉRMINO DE MATERIA | |
| Término de materia o nombre geográfico como elemento de entrada | Personajes literarios- |
| Subdivisión de forma | Diccionarios. |
| 9 (RLIN) | 173794 |
| 650 #4 - PUNTO DE ACCESO ADICIONAL DE MATERIA--TÉRMINO DE MATERIA | |
| Término de materia o nombre geográfico como elemento de entrada | Literatura- |
| Subdivisión de forma | Diccionarios. |
| 9 (RLIN) | 14484 |
| 700 1# - ENTRADA AGREGADA--NOMBRE PERSONAL | |
| Nombre de persona | Riquer, Martín de, |
| Fechas asociadas al nombre | 1914-2013 |
| 9 (RLIN) | 240061 |
| 700 1# - ENTRADA AGREGADA--NOMBRE PERSONAL | |
| Nombre de persona | Valverde, José María, |
| Fechas asociadas al nombre | 1926-1996 |
| 9 (RLIN) | 113013 |
| 710 2# - ENTRADA AGREGADA--NOMBRE DE ENTIDAD CORPORATIVA | |
| Nombre de entidad corporativa o nombre de jurisdicción como elemento de entrada | Casa editrice Valentino Bompiani. |
| 9 (RLIN) | 2481 |
| 852 4# - LOCALIZACIÓN | |
| Ubicación | ES-MaACL |
| Número de control de estantería | G-1720-35 |
| Estatus retirado | Estado de pérdida | Estado de daño | No para préstamo | Colección | Biblioteca de origen | Biblioteca actual | Ubicación en estantería | Fecha de adquisición | Fuente de adquisición | Total de préstamos | Signatura topográfica completa | Código de barras | Visto por última vez | Precio de reemplazo | Tipo de ítem Koha |
|---|---|---|---|---|---|---|---|---|---|---|---|---|---|---|---|
| Colección de referencia | Biblioteca del Ateneo de Madrid | Biblioteca del Ateneo de Madrid | Depósito 2 | 17/01/2008 | G-1720-35 | 1037015 | 23/02/2023 | 23/02/2023 | Libro impreso |
